书目信息 |
| 题名: |
星空的琴弦
|
|
| 作者: | 汪洁 著 | |
| 分册: | ||
| 出版信息: | 北京 北京时代华文书局 2017.07 |
|
| 页数: | 204页 | |
| 开本: | 24cm | |
| 丛书名: | ||
| 单 册: | ||
| 中图分类: | P1-091 | |
| 科图分类: | ||
| 主题词: | 天文学史--世界--普及读物 | |
| 电子资源: | ||
| ISBN: | 978-7-5699-1701-7 | |
| 000 | 00977nam0 2200253 450 | |
| 001 | 3687 | |
| 005 | 20181008131044.95 | |
| 010 | @a978-7-5699-1701-7@dCNY48.00 | |
| 100 | @a20170905d2017 em y0chiy50 ea | |
| 101 | 0 | @achi |
| 102 | @aCN@b110000 | |
| 105 | @aa z 000yy | |
| 200 | 1 | @a星空的琴弦@9xing kong de qin xian@e天文学史话@dRhythm from the universe@eastronomy stories@f汪洁著@zeng |
| 210 | @a北京@c北京时代华文书局@d2017.07 | |
| 215 | @a204页@c彩图@d24cm | |
| 314 | @a汪洁,科普作家,科普自媒体人,著有《时间的形状:相对论史话》。 | |
| 330 | @a本书用讲故事的方式历数人类在天文上的重大发现。内容包括:大地的形状;日月星辰的变化;古代天文学之大成;中国古代天文学思想;哥白尼单挑托勒密等。 | |
| 510 | 1 | @aRhythm from the universe@eastronomy stories@zeng |
| 517 | 1 | @a天文学史话@9tian wen xue shi hua |
| 606 | 0 | @a天文学史@y世界@j普及读物 |
| 690 | @aP1-091@v5 | |
| 701 | 0 | @a汪洁@9wang jie@4著 |
| 801 | 0 | @aCN@b91MARC@c20170905 |
| 905 | @aMuseLib@dP1-091@e267 | |
| 星空的琴弦:天文学史话=Rhythm from the universe:astronomy stories/汪洁著.-北京:北京时代华文书局,2017.07 |
| 204页:彩图;24cm |
| ISBN 978-7-5699-1701-7:CNY48.00 |
| 本书用讲故事的方式历数人类在天文上的重大发现。内容包括:大地的形状;日月星辰的变化;古代天文学之大成;中国古代天文学思想;哥白尼单挑托勒密等。 |
| ● |
| 相关链接 |
|
|
|
|
正题名:星空的琴弦
索取号:P1-091/267
 
预约/预借
| 序号 | 登录号 | 条形码 | 馆藏地/架位号 | 状态 | 备注 |
| 1 | 1123227 | 211232272 | 第二样本阅览室/ [索取号:P1-091/267] | 在馆 | |
| 2 | 1123228 | 211232281 | 第三借阅区/ [索取号:P1-091/267] | 在馆 | |
| 3 | 1123229 | 211232290 | 第三借阅区/ [索取号:P1-091/267] | 在馆 | |
| 4 | 1123230 | 211232307 | 密集书库-资源管理系/ [索取号:P1-091/267] | 在馆 | |
| 5 | 1123231 | 211232316 | 第三借阅区/ [索取号:P1-091/267] | 在馆 |